<?xml version="1.0" encoding="UTF-8"?>
<record
    xmlns:xsi="http://www.w3.org/2001/XMLSchema-instance"
    xsi:schemaLocation="http://www.loc.gov/MARC21/slim http://www.loc.gov/standards/marcxml/schema/MARC21slim.xsd"
    xmlns="http://www.loc.gov/MARC21/slim">

  <leader>02396nam a2200373   4500</leader>
  <controlfield tag="001">65</controlfield>
  <controlfield tag="003">OSt</controlfield>
  <controlfield tag="005">20250528074010.0</controlfield>
  <controlfield tag="008">250123b        |||||||j |||| 00| 1 eng d</controlfield>
  <datafield tag="040" ind1=" " ind2=" ">
    <subfield code="b">por</subfield>
  </datafield>
  <datafield tag="041" ind1=" " ind2=" ">
    <subfield code="h">eng</subfield>
    <subfield code="a">por</subfield>
  </datafield>
  <datafield tag="082" ind1=" " ind2=" ">
    <subfield code="a">813</subfield>
    <subfield code="b">B811b</subfield>
  </datafield>
  <datafield tag="100" ind1="1" ind2=" ">
    <subfield code="a">Bradley, Marion Zimmer,</subfield>
    <subfield code="d">1930-1999</subfield>
    <subfield code="9">169</subfield>
  </datafield>
  <datafield tag="240" ind1=" " ind2=" ">
    <subfield code="a">The Mists of Avalon</subfield>
  </datafield>
  <datafield tag="245" ind1=" " ind2=" ">
    <subfield code="a">As brumas de Avalon:</subfield>
    <subfield code="b">A grande Rainha /</subfield>
    <subfield code="c">Bradley, Marion Zimmer ; Tradu&#xE7;&#xE3;o de Waltensir Dutra</subfield>
  </datafield>
  <datafield tag="250" ind1=" " ind2=" ">
    <subfield code="a">9&#xB0; edi&#xE7;&#xE3;o</subfield>
  </datafield>
  <datafield tag="260" ind1=" " ind2=" ">
    <subfield code="a">Rio de Janeiro</subfield>
    <subfield code="b">Imago</subfield>
    <subfield code="c">1985</subfield>
  </datafield>
  <datafield tag="300" ind1=" " ind2=" ">
    <subfield code="a">267 p.</subfield>
  </datafield>
  <datafield tag="490" ind1="1" ind2=" ">
    <subfield code="a">As Brumas de Avalon</subfield>
    <subfield code="v">livro 02</subfield>
  </datafield>
  <datafield tag="500" ind1=" " ind2=" ">
    <subfield code="a">A grande rainha 

Sequ&#xEA;ncia de: A senhora da magia </subfield>
  </datafield>
  <datafield tag="520" ind1=" " ind2=" ">
    <subfield code="a">Este retorno imaginativo &#xE0; lenda arturiana contada por suas sacerdotisas pag&#xE3;s continua com o Livro Dois: A Alta Rainha. Morgana, finalmente reconciliada com o nascimento de seu filho, deve entreg&#xE1;-lo &#xE0; sua tia Morgause em troca do segredo guardado sobre sua ascend&#xEA;ncia. Arthur se casa com a t&#xED;mida, mas obediente Gwenhwyfar, enquanto guerras em andamento com os invasores sax&#xF5;es continuam a assolar a terra. Morgana, cansada das preocupa&#xE7;&#xF5;es mundanas, tenta retornar a Avalon, mas desaparece sem deixar vest&#xED;gios em algum lugar perto do fim de sua jornada. Em uma &#xFA;ltima tentativa de paz, Arthur compromete sua lealdade a Avalon ao carregar a bandeira crist&#xE3; para a batalha. A incapacidade de Gwenhwyfar de conceber faz com que o reino desespere por um herdeiro ao trono, enquanto nos bastidores, seu amor por Lancelote se torna mais apaixonado e desesperado.

Ler As Brumas de Avalon &#xE9; uma experi&#xEA;ncia profundamente tocante, e muitas vezes fant&#xE1;stica. Um resultado impressionante. - THE NEW YORK TIMES BOOK REVIEW

O enredo elaborado com maestria e a escrita maravilhosa de As Brumas de Avalon jogam nova luz a antigos personagens, em especial Morgana das Fadas, Merlim, Lancelote e Gwenhwyfar. Um romance &#xE9;pico, com viol&#xEA;ncia, ambi&#xE7;&#xE3;o, lealdades dolorosas e feiti&#xE7;os assombrosos. - PUBLISHERS WEEKLY</subfield>
  </datafield>
  <datafield tag="650" ind1=" " ind2="0">
    <subfield code="a">Literatura Americana</subfield>
    <subfield code="9">84</subfield>
  </datafield>
  <datafield tag="650" ind1=" " ind2="0">
    <subfield code="a">Medieval </subfield>
    <subfield code="9">170</subfield>
  </datafield>
  <datafield tag="650" ind1=" " ind2="0">
    <subfield code="a">Fantasia</subfield>
    <subfield code="9">45</subfield>
  </datafield>
  <datafield tag="650" ind1=" " ind2="0">
    <subfield code="a">Aventura</subfield>
    <subfield code="9">47</subfield>
  </datafield>
  <datafield tag="650" ind1=" " ind2="0">
    <subfield code="a">Seres m&#xE1;gicos </subfield>
    <subfield code="9">46</subfield>
  </datafield>
  <datafield tag="650" ind1=" " ind2="0">
    <subfield code="a">Mitologia </subfield>
    <subfield code="9">128</subfield>
  </datafield>
  <datafield tag="650" ind1=" " ind2="0">
    <subfield code="a">Filme</subfield>
    <subfield code="9">26</subfield>
  </datafield>
  <datafield tag="655" ind1=" " ind2="0">
    <subfield code="a">Romance</subfield>
    <subfield code="9">23</subfield>
  </datafield>
  <datafield tag="655" ind1=" " ind2="0">
    <subfield code="a">Fic&#xE7;&#xE3;o </subfield>
    <subfield code="9">22</subfield>
  </datafield>
  <datafield tag="700" ind1=" " ind2=" ">
    <subfield code="a">Waltensir Dutra</subfield>
    <subfield code="e">Tradutor</subfield>
    <subfield code="9">171</subfield>
  </datafield>
  <datafield tag="830" ind1=" " ind2=" ">
    <subfield code="a">As Brumas de Avalon</subfield>
    <subfield code="v">Livro 02</subfield>
    <subfield code="9">172</subfield>
  </datafield>
  <datafield tag="942" ind1=" " ind2=" ">
    <subfield code="2">ddc</subfield>
    <subfield code="n">0</subfield>
    <subfield code="c">BK</subfield>
  </datafield>
  <datafield tag="952" ind1=" " ind2=" ">
    <subfield code="0">0</subfield>
    <subfield code="1">0</subfield>
    <subfield code="2">ddc</subfield>
    <subfield code="3">vol. 02</subfield>
    <subfield code="4">0</subfield>
    <subfield code="7">0</subfield>
    <subfield code="8">FIC</subfield>
    <subfield code="a">BIBIB</subfield>
    <subfield code="b">BIBIB</subfield>
    <subfield code="c">LE</subfield>
    <subfield code="d">2022-03-30</subfield>
    <subfield code="e">doa&#xE7;&#xE3;o</subfield>
    <subfield code="l">0</subfield>
    <subfield code="o">813 / B811b</subfield>
    <subfield code="p">2025-16586</subfield>
    <subfield code="r">2025-01-23 08:06:13</subfield>
    <subfield code="w">2025-01-23</subfield>
    <subfield code="y">BK</subfield>
  </datafield>
  <datafield tag="999" ind1=" " ind2=" ">
    <subfield code="c">65</subfield>
    <subfield code="d">65</subfield>
  </datafield>
</record>
